Trenerzy w ekstraklasie sezon 2022/23 - Statystyki

Ogólne statystyki
  • Ten quiz został rozwiązany 182 razy
    49 od ostatniego zresetowania
  • Średni wynik to 11 z 18
Statystyki odpowiedzi
Klub Trener % Poprawnych
Raków Częstochowa Marek Papszun
87%
Zagłębie Lubin Waldemar Fornalik
83%
Lech Poznań John van den Brom
80%
Cracovia Jacek Zieliński
78%
Piast Gliwice Aleksandar Vukovic
76%
Legia Warszawa Kosta Runjaic
76%
Warta Poznań Dawid Szulczek
70%
Widzew Łódź Janusz Niedźwiedź
63%
Radomiak Radom Mariusz Lewandowski
63%
Pogoń Szczecin Jens Gustafsson
61%
Korona Kielce Kamil Kuzera
57%
Wisła Płock Pavol Stano
57%
Stal Mielec Kamil Kiereś
50%
Lechia Gdańsk David Badia
43%
Śląsk Wrocław Ivan Djurdjevic
43%
Jagiellonia Białystok Maciej Stolarczyk
43%
Górnik Zabrze Bartosch Gaul
37%
Miedź Legnica Grzegorz Mokry
24%
Nie znaleziono quizów pasujących do podanych kryteriów
Rozkład punktacji
Procent ludzi z każdym wynikiem
Percentyl według liczby udzielonych odpowiedzi
Twoja historia wyników
Nie rozwiązałeś tego quizu od ostatniego zresetowania